000 00348nam a22001217a 4500
082 _a200 THE
100 _aUBAID UMAR DR.
_970127
245 _aTH-SOF-1265-ARCHITECTURE DESIGN OF JPEG CODEC ON FPGA
260 _aIslamabad
_bNUST College of EME
_c2016
650 _aMS-ELECT-71 MSTHESIS
700 _aSupervisor DR. USMAN ALI
_970055
942 _cCF
999 _c577160
_d577160